000 01759nam0a2200325 i 4500
001 RU\NLR\BIBL_A\010412944
005 20260408062808.0
010 _a9785984502429
_9200
021 _aRU
_b2014-33801
_92069
035 _a(NILC)LIBNET\0000323942
035 _aRU/Архангельская ОНБ/DOLIB/55.14-8я81/С 718-97554745
035 _a(NLR Aleph) 010412944
090 _a9770060
_c9770060
100 _a20140707d2012 k y0rusy50 ca
101 0 _arus
102 _aRU
105 _aa j 000yy
200 1 _aСпецифическая профилактика инфекционных заболеваний
_eруководство для врачей
_fМ-во здравоохранения РФ, Сев. гос. мед. ун-т
_g[Макарова Валерия Ивановна, д.м.н., проф., акад. РАЕ и др.]
_gпод ред. проф. В.И. Макаровой
210 _aАрхангельск
_cКИРА
_d2012
215 _a145 с., [5] л. цв. ил.
_cил.
_d21
320 _aБиблиогр.: с. 145 (13 назв.)
606 _aИнфекционные болезни
_jРуководства, пособия и т.п
_xПредохранительные прививки
_91186825
_3RU\NLR\AUTH\66478417
686 1 _aР193.95я77
702 1 _4220
_4340
_7ca
_8rus
_aМакарова
_bВ. И.
_cд-р мед. наук
_f1948-
_gВалерия Ивановна
_99952
_3RU\NLR\AUTH\7726914
712 0 2 _4570
_aСеверный государственный медицинский университет
_cАрхангельск
_9562229
_3RU\NLR\AUTH\8810031813
801 0 _aRU
_bАрхангельская ОНБ
_c20130318
_grcr
942 _cBOOK
980 _aNBR